000 00492 a2200157 4500
999 _c3376
_d3376
020 _a9780495808329
050 _aLB1139 ESS 2011
100 _aEssa, Eva L.
_eauthor
245 _aIntroduction to early childhood education /
_cEva L. Essa
250 _a6th ed.
264 _aBelmont, Calif:
_bWadsworth Cengage Learning,
_c2011
300 _a580p. :
500 _aIncludes index
650 _a Early childhood educators -- Training of -- United States.
942 _2lcc
_cBK
_e6th
_h1139
_iESS
_kLB